| 000 -LEADER |
| fixed length control field |
00509nam a2200157 4500 |
| 008 - FIXED-LENGTH DATA ELEMENTS--GENERAL INFORMATION |
| fixed length control field |
190723b ||||| |||| 00| 0 eng d |
| 100 ## - MAIN ENTRY--PERSONAL NAME |
| Personal name |
Telang, Vidya |
| 245 ## - TITLE STATEMENT |
| Title |
Financial engineering in India: (Economic and social perspective |
| 260 ## - PUBLICATION, DISTRIBUTION, ETC. (IMPRINT) |
| Date of publication, distribution, etc |
2019 |
| 300 ## - PHYSICAL DESCRIPTION |
| Extent |
p.142-151. |
| 650 ## - SUBJECT ADDED ENTRY--TOPICAL TERM |
| Topical term or geographic name as entry element |
financial engineering |
| 9 (RLIN) |
7514 |
| 700 ## - ADDED ENTRY--PERSONAL NAME |
| Personal name |
Gangrade, Shailendra |
| 9 (RLIN) |
7233 |
| 773 ## - HOST ITEM ENTRY |
| Main entry heading |
Prestige International Journal of Management and Research |
| 906 ## - LOCAL DATA ELEMENT F, LDF (RLIN) |
| Subject DIP |
Financial administration - India |
| 942 ## - ADDED ENTRY ELEMENTS (KOHA) |
| Source of classification or shelving scheme |
|
| Item type |
Articles |